1436 1893 1423 1278 1469 1252 1907 1238 1175 1092 1426 1781 1568 1563 1131 1501 1470 1542 1444 1009 1370 1293 1397 1523 1819 1793 1129 1751 1652 1722 1677 1351 1617 1039 1713 1975 1309 1358 1800 1279 1496 1863 1645 1323 1927 1080 1268 1750 1324 1946 1838 1119 1188 1854 1359 1606 1205 1480 1080 1146 1849 1611 1659 1002 1150 1020 1869 1135 1617 1044 1122 1831 1117 1177 1114 1205 1551 1080 1177 1192 1030 1315 1352 1956 1439 1946 1649 1889 1087 1964 1389 1164 1986 1148 1328 1490 1554 1257 1255 BCNSPRNW ULIB Ver.6.0+V

เปลี่ยนเป็นภาษาไทย

Change to English
 แสดงรายละเอียดบรรณานุกรม
  กลับหน้าหลัก

Brief Record : Get Marc (ISO 2709) : E-mail record : QR code < ปิดหน้าต่าง
LEADER : 00000nam 2200000uu 4500
001    13399113233
003     ULIB
008    111003s2548||||th 000 0 tha d
020    9749980328
050  4 QD33^bป341ค ล.2 2548
245 10 เคมีทั่วไป เล่ม 2 /^cผู้เรียบเรียง, ประภาณี เกษมศรี ณอยุธยา ... [และคนอื่นๆ] ; บรรณาธิการ, สุภาพ บุณยะรัตเวช
250    พิมพ์ครั้งที่ 8
260    กรุงเทพฯ :^bภาควิชาเคมี คณะวิทยาศาสตร์ จุฬาลงกรณ์มหาวิทยาลัย,^c2548
300    415 หน้า :^bภาพประกอบ,^c26 ซม.
650  4 เคมี
700 0  ประภาณี เกษมศรี ณ อยุธยา
700 0  สุภาพ บุณยะรัตเวช,^eบรรณาธิการ
710 2  จุฬาลงกรณ์มหาวิทยาลัย. ^bคณะวิทยาศาสตร์. ^bภาควิชาเคมี
945    ^p160^l0^i021081
945    ^p160^l0^i021082
945    ^p160^l0^i021083
995    ทศพร
999 ^a ทศพร
รายการนี้ยังไม่มีแท็ก
คุณยังไม่ได้ล็อกอิน คุณสามารถมีกิจกรรมร่วมกับเว็บไซต์ได้ แต่ต้องล็อกอินก่อน ::
  ล็อกอิน

รายการสื่อสารสนเทศ

ลำดับที่ ประเภท เลขเรียก/บาร์โค้ด สถานที่ สถานะ
- ไม่พบข้อมูล -

รายการใกล้เคียง
    หัวเรื่อง [เคมี]

BibComment


ยังไม่เคยถูกคอมเมนท์

คอมเมนท์ทรัพยากรรายการนี้
  คอมเมนท์: เคมีทั่วไป เล่ม 2..


 Copyright 2026. Bcnsprnw @Library